书目信息 |
| 题名: |
武器装备大环境观
|
|
| 作者: | 宋太亮 主编 | |
| 分册: | ||
| 出版信息: | 北京 国防工业出版社 2016 |
|
| 页数: | 16,454页 | |
| 开本: | 23cm | |
| 丛书名: | ||
| 单 册: | ||
| 中图分类: | E92 | |
| 科图分类: | ||
| 主题词: | 武器装备--wu qi zhuang bei--研究--世界 | |
| 电子资源: | ||
| ISBN: | 978-7-118-11126-2 | |
| 000 | 01090nam0 22002411 450 | |
| 001 | 1761140466 | |
| 005 | 20170619172039.0 | |
| 010 | @a978-7-118-11126-2@dCNY96.00 | |
| 100 | @a20170328d2016 em y0chiy50 ea | |
| 101 | 0 | @achi |
| 102 | @aCN@b110000 | |
| 105 | @aa z 000yy | |
| 106 | @ar | |
| 200 | 1 | @a武器装备大环境观@9wu qi zhuang bei da huan jing guan@dThe new viewpoints of environment for weapon system@f宋太亮主编@zeng |
| 210 | @a北京@c国防工业出版社@d2016 | |
| 215 | @a16,454页@c图,照片@d23cm | |
| 330 | @a本书主要内容包括环境和环境效应的基本概念、武器装备大环境观工程实现、环境和环境适应性要求论证、装备环境适应性设计、装备环境试验方法、装备环境试验设施建设、贴近实战试验环境条件建设、电波环境观测与应用、装备面临的复杂电磁环境、装备环境数据资源建设、自然环境腐蚀影响及损失、绿色武器装备建设和环境武器发展趋势等内容。 | |
| 510 | 1 | @aNew viewpoints of environment for weapon system@zeng |
| 606 | 0 | @a武器装备@9wu qi zhuang bei@x研究@y世界 |
| 690 | @aE92@v5 | |
| 701 | 0 | @a宋太亮@9song tai liang@4主编 |
| 801 | 0 | @aCN@b百万庄@c20170619 |
| 905 | @b1014879-84@dE92@e41@f6 | |
| 武器装备大环境观=The new viewpoints of environment for weapon system/宋太亮主编.-北京:国防工业出版社,2016 |
| 16,454页:图,照片;23cm |
| ISBN 978-7-118-11126-2:CNY96.00 |
| 本书主要内容包括环境和环境效应的基本概念、武器装备大环境观工程实现、环境和环境适应性要求论证、装备环境适应性设计、装备环境试验方法、装备环境试验设施建设、贴近实战试验环境条件建设、电波环境观测与应用、装备面临的复杂电磁环境、装备环境数据资源建设、自然环境腐蚀影响及损失、绿色武器装备建设和环境武器发展趋势等内容。 |
| ● |
| 相关链接 |
|
|
|
|
正题名:武器装备大环境观
索取号:E92/41
 
预约/预借
| 序号 | 登录号 | 条形码 | 馆藏地/架位号 | 状态 | 备注 |
| 1 | 1014879 | 210148794 | 第一样本阅览室/ [索取号:E92/41] | 在馆 | |
| 2 | 1014880 | 210148801 | 教育系资料室/ [索取号:E92/41] | 在馆 | |
| 3 | 1014881 | 210148810 | 教育系资料室/ [索取号:E92/41] | 在馆 | |
| 4 | 1014882 | 210148829 | 教育系资料室/ [索取号:E92/41] | 在馆 | |
| 5 | 1014883 | 210148838 | 第一借阅区/ [索取号:E92/41] | 在馆 | |
| 6 | 1014884 | 210148847 | 第一借阅区/ [索取号:E92/41] | 在馆 |